| 000 | 00454nam a2200205Ia 4500 | ||
|---|---|---|---|
| 001 | 14408 | ||
| 003 | GE_BSU | ||
| 008 | 181216s||||||||xx |||||||||||||| ||und|| | ||
| 020 | _a0006477143 | ||
| 040 | _cGE_BSU | ||
| 080 | _a821.111-311.6 | ||
| 100 | _aSeymour,Gerald | ||
| 245 | 4 | _aThe Eighting Man | |
| 260 | _aLondon | ||
| 260 | _bHarper Collins Publishers | ||
| 260 | _c1993 | ||
| 300 | _a510p.18cm. | ||
| 653 | _aThe Eighting Man | ||
| 942 | _cBK | ||
| 999 |
_c47544 _d47544 |
||